Statistics for Countries and territories where nuclear explosions occurred

Click here to take the quiz!

General Stats

  • This quiz has been taken 271 times
  • The average score is 10 of 16

Answer Stats

Country/Territory% Correct
USA
97%
Russia
94%
Japan
92%
China
82%
India
79%
North Korea
74%
Pakistan
73%
Australia
63%
Ukraine
60%
Kazakhstan
53%
Marshall Islands
41%
Uzbekistan
39%
Turkmenistan
34%
Algeria
32%
Kiribati
28%
French Polynesia
23%

Score Distribution

Percentile by Number Answered

Percent of People with Each Score

Your Score History

You have not taken this quiz